Luxury brand desirability and fashion equity (Record no. 5142)

MARC details
000 -CABECERA
campo de control de longitud fija 02054nam a22002537a 4500
003 - IDENTIFICADOR DEL NÚMERO DE CONTROL
campo de control OSt
005 - FECHA Y HORA DE LA ÚLTIMA TRANSACCIÓN
campo de control 20251104133557.0
008 - DATOS DE LONGITUD FIJA--INFORMACIÓN GENERAL
campo de control de longitud fija 250910b |||||||| |||| 00| 0 eng d
020 ## - NÚMERO INTERNACIONAL ESTÁNDAR DEL LIBRO
Número Internacional Estándar del Libro 0742-6046
040 ## - FUENTE DE LA CATALOGACIÓN
Centro catalogador/agencia de origen English
Centro/agencia transcriptor tbs
041 ## - CÓDIGO DE LENGUA
Código de lengua del texto/banda sonora o título independiente English
100 ## - ENTRADA PRINCIPAL--NOMBRE DE PERSONA
Nombre de persona Pham, Mélanie
9 (RLIN) 26418
245 ## - MENCIÓN DE TÍTULO
Título Luxury brand desirability and fashion equity
Resto del título : The joint moderating effect on consumers' commitment toward luxury brands
Mención de responsabilidad, etc. / Mélanie Pham, Pierre Valette‐Florence, Franck Vigneron
260 ## - PUBLICACIÓN, DISTRIBUCIÓN, ETC.
Nombre del editor, distribuidor, etc. Psychology & Marketing
Fecha de publicación, distribución, etc. 2018
362 ## - FECHAS DE PUBLICACIÓN Y/O DESIGNACIÓN SECUENCIAL
Fecha de publicación y/o designación secuencial Psychology & Marketing. Dec2018, Vol. 35 Issue 12, p902-912. 11p. 4 Diagrams, 1 Chart
520 ## - SUMARIO, ETC.
Sumario, etc. In marketing research, the term "fashion" has been shown to have a double meaning. It is mostly used as a synonym of apparel brands, and rarely as a concept defining the degree of a brand's fashionability. Therefore, fashion equity is proposed as a new and complementary approach to brand equity, to help marketers strengthen their strategies. By conducting three qualitative and two quantitative surveys on apparel brands and luxury apparel brands, this study develops and empirically confirms a conceptual model built around the influence of luxury apparel's brand equity on consumers' commitment. It also evaluates the moderating effects of fashion equity and luxury brand desirability on this relationship, as well as their implications for commitment. Overall, the results add to the existing body of literature surrounding brand equity, focusing for the first time on the joint catalyst effect of fashion equity and luxury desirability in regard to the influence of brand equity on consumers' commitment to luxury fashion brands.
653 ## - TÉRMINO DE INDIZACIÓN--NO CONTROLADO
Término no controlado Brand desirability
653 ## - TÉRMINO DE INDIZACIÓN--NO CONTROLADO
Término no controlado Fashion equity
653 ## - TÉRMINO DE INDIZACIÓN--NO CONTROLADO
Término no controlado Luxury brands
700 ## - ENTRADA AGREGADA--NOMBRE PERSONAL
Nombre de persona Valette‐Florence, Pierre
9 (RLIN) 26419
700 ## - ENTRADA AGREGADA--NOMBRE PERSONAL
Nombre de persona Vigneron, Franck
9 (RLIN) 26420
856 ## - LOCALIZACIÓN Y ACCESO ELECTRÓNICOS
Identificador Uniforme del Recurso <a href="https://bibliotheque.tbs-education.fr/Default/doc/bth/132874113/luxury-brand-desirability-and-fashion-equity-the-joint-moderating-effect-on-consumers-commitment-tow">https://bibliotheque.tbs-education.fr/Default/doc/bth/132874113/luxury-brand-desirability-and-fashion-equity-the-joint-moderating-effect-on-consumers-commitment-tow</a>
942 ## - ELEMENTOS DE ENTRADA AGREGADA (KOHA)
Fuente del sistema de clasificación o colocación Clasificación de Library of Congress
Holdings
Estado de retiro Estado de pérdida Fuente del sistema de clasificación o colocación Estado dañado No para préstamo Biblioteca de origen Biblioteca actual Fecha de adquisición Total de préstamos Fecha visto por última vez Identificador Uniforme del Recurso Precio válido a partir de Tipo de ítem Koha
    Clasificación de Library of Congress     TBS Barcelona TBS Barcelona 04/11/2025   04/11/2025 https://bibliotheque.tbs-education.fr/Default/doc/bth/132874113/luxury-brand-desirability-and-fashion-equity-the-joint-moderating-effect-on-consumers-commitment-tow 04/11/2025 Academic Article

Powered by Koha